Webster's encyclopedic unabridged dictionary of the english language : (Record no. 347171)
[ view plain ]
| 000 -LEADER | |
|---|---|
| fixed length control field | 00600 a2200169 4500 |
| 020 ## - INTERNATIONAL STANDARD BOOK NUMBER | |
| International Standard Book Number | 0517118882 (hardcover) |
| 020 ## - INTERNATIONAL STANDARD BOOK NUMBER | |
| International Standard Book Number | 9780517118887 (hardcover) |
| 090 ## - LOCALLY ASSIGNED LC-TYPE CALL NUMBER (OCLC); LOCAL CALL NUMBER (RLIN) | |
| -- | 4739 |
| -- | 4739 |
| 100 1# - MAIN ENTRY--PERSONAL NAME | |
| Personal name | Publishing, Rh Value. |
| 245 10 - TITLE STATEMENT | |
| Title | Webster's encyclopedic unabridged dictionary of the english language : |
| Remainder of title | deluxe edition / |
| Statement of responsibility, etc. | Rh Value Publishing. |
| 250 ## - EDITION STATEMENT | |
| Edition statement | Unabridged ed. |
| 260 ## - PUBLICATION, DISTRIBUTION, ETC. | |
| Place of publication, distribution, etc. | [S.l.] : |
| Name of publisher, distributor, etc. | Gramercy, |
| Date of publication, distribution, etc. | 1994. |
| 300 ## - PHYSICAL DESCRIPTION | |
| Extent | 1 v. (unpaged) ; |
| Dimensions | 29 cm. |
| 500 ## - GENERAL NOTE | |
| General note | Unabridged. |
| 856 40 - ELECTRONIC LOCATION AND ACCESS | |
| Materials specified | Amazon.com |
| Uniform Resource Identifier | <a href="http://www.amazon.com/exec/obidos/ASIN/0517118882/chopaconline-20">http://www.amazon.com/exec/obidos/ASIN/0517118882/chopaconline-20</a> |
| 942 ## - ADDED ENTRY ELEMENTS (KOHA) | |
| Institution code [OBSOLETE] | NBS |
| Koha item type | Book |
| Call number prefix | 423 WEB |
| Withdrawn status | Lost status | Damaged status | Not for loan | Permanent Location | Current Location | Date acquired | Full call number | Barcode | Date last seen | Price effective from | Koha item type |
|---|---|---|---|---|---|---|---|---|---|---|---|
| Central Library (CL) | Central Library (CL) | 08/28/2013 | 423 WEB | NBS1732 | 08/28/2013 | 08/28/2013 | Reference |
